Vybrané didaktické aspekty prezentácie výstupov projektového vyučovania

Projektové vyučovanie a projekty ako vyučovacie koncepcie, ktoré sú využiteľné nielen v ďalšom vzdelávaní a odbornej príprave, ale aj v pracovnom živote. Prezentácia výsledkov projektovej práce, je spôsobilosť, ktorá je na trhu práce i v podnikaní žiadanou zručnosťou a preferovanou výhodou.

Saved in:
Bibliographic Details
Main Author: Velichová, Ľudmila
Other Authors: Orbánová, Darina
Format: Book Chapter
Language:Slovak
Subjects:
Tags: Add Tag
No Tags, Be the first to tag this record!

MARC

LEADER 00000nla a2200000 4500
001 0224958
005 20240502073703.5
041 0 |a slo 
044 |a SK 
245 1 0 |a Vybrané didaktické aspekty prezentácie výstupov projektového vyučovania  |c Ľudmila Velichová, Darina Orbánová 
520 |a Projektové vyučovanie a projekty ako vyučovacie koncepcie, ktoré sú využiteľné nielen v ďalšom vzdelávaní a odbornej príprave, ale aj v pracovnom živote. Prezentácia výsledkov projektovej práce, je spôsobilosť, ktorá je na trhu práce i v podnikaní žiadanou zručnosťou a preferovanou výhodou. 
610 2 0 |a vzdelávanie 
610 2 0 |a vyučovanie programové 
610 2 0 |a predmety učebné 
610 2 0 |a projektovanie 
610 2 0 |a prezentácia 
610 2 0 |a projekty 
610 2 0 |a kvalita vzdelávania 
100 1 |a Velichová, Ľudmila 
700 1 |a Orbánová, Darina